Songs With Animals In The Title - Statistics

General Stats
  • This quiz has been taken 59 times
  • The average score is 4 of 15
Answer Stats
Hint Answer % Correct
Al Stewart (1976 single) Year Of The Cat
65%
The Goodies (1975 single) Funky Gibbon
44%
Chas And Dave (1980 single) Rabbit
42%
The Who (1966 LP track) Boris The Spider
37%
Captain And Tennille (1976 single) Muskrat Love
35%
Bill Haley and his Comets (1956 single) See You Later, Alligator
33%
The Sweet (1975 single) Fox On The Run
25%
Toy Dolls (1982 single) Nellie The Elephant
25%
UB40 (1986 single) Rat In Mi Kitchen
13%
Al Wilson (1968 single) The Snake
13%
Birthday Party (1981 single) Release The Bats
12%
The Maytals (1969 single) Monkey Man
10%
This Mortal Coil (1984 single) Kangaroo
6%
Jewel Akens (1964 single) The Birds And The Bees
6%
The Doors (1967 LP track) Horse Latitudes
0%
No matching quizzes found
Score Distribution
Percent of People with Each Score
Percentile by Number Answered
Your Score History
You have not taken this quiz